000 00721cam a2200229 a 4500
001 4417694
005 20180314101924.0
008 940131s1994 wiua b 001 0 eng
010 _a 93070093
020 _a0697125742
040 _aDLC
_cDLC
_dDLC
041 _aeng
080 _a788.9193071 HUN
082 0 0 _a788.9193071 HUN
_220
100 1 _a45
101 _aMUZ
245 1 0 _aGuide to teaching brass /
_cNorman Hunt, Dan Bachelder.
504 _aIncludes bibliographical references (p. 155-156) and index.
906 _a7
_bcbc
_corignew
_d2
_eopcn
_f19
_gy-gencatlg
942 _2ddc
_cBK
999 _c45056
_d45056